00000000nam##2200000za#4500
0019.669154
003CaOODSP
00520240209132632
007ta
008150407|2007||||xxc|||||     f|0| 0 fre|d
020 |a978-0-662-05058-2
040 |aCaOODSP|bfre
041 |aeng
041 |afre
043 |an-cn---
0861 |aIu89-4/28-3-2007
1102 |aAgence de promotion économique du Canada atlantique.
24510|aInvestir dans les femmes en affaires
260 |aMoncton - Nouveau-Brunswick : |bAgence de promotion économique du Canada atlantique |c[2007].
300 |aTexte français, [1]p. ; |c28 cm.
563 |aDépliant
590 |a08-22|b2008-05-30
7760#|tInvestir dans les femmes en affaires - [L'Île-du-Prince-Édouard] |w(CaOODSP)9.638187
7760#|tInvesting in women in business - [Prince Edward Island] |w(CaOODSP)9.694004
791 |tInvesting in women in business |eeng|w(CaOODSP)9.669153
986 |aAPECA : 2007-09